| 000 | 00640nam a2200205 a 4500 | ||
|---|---|---|---|
| 005 | 20220914063750.0 | ||
| 008 | 991125s1990 es 000 0 spa u | ||
| 020 | _a8478690107 | ||
| 035 | _aUPN01000040182 | ||
| 049 | _aCG | ||
| 050 | 4 |
_aLB1131 _bP76 no.14 |
|
| 100 | 1 |
_aYuste Hernanz, Carlos _929510 |
|
| 245 | 1 | 0 |
_aMotricidad, coordinación viso-manual / _cCarlos Yuste Hernanz : _bCarlos Yuste Hernanz ; il. Juan Miguel S. Quiros. |
| 260 |
_aMadrid : _bCEPE, _c1990. |
||
| 300 |
_a94 p. : _bil. col. |
||
| 440 | 0 |
_aProgresint ; _v14 |
|
| 500 | _a"Ciclo inicial. Nivel 2" | ||
| 650 | 7 |
_aEducación psicomotriz _2 _95394 |
|
| 905 | _aLibro | ||
| 999 |
_c40182 _d40182 |
||